[Event "Bremen-ch"]
[Site "Bremen"]
[Date "2019.04.13"]
[Round "1.11"]
[White "Weinitschke, Harald"]
[Black "Hedke, Manfred"]
[Result "1/2-1/2"]
[WhiteElo "1443"]
[BlackElo "1634"]
[PlyCount "77"]
[EventDate "2019.04.13"]
[EventType "swiss"]
[EventRounds "9"]
[EventCountry "GER"]
[SourceTitle "EXT 2020"]
[Source "ChessBase"]
[SourceDate "2019.10.17"]
[SourceVersion "1"]
[SourceVersionDate "2019.10.17"]
[SourceQuality "1"]

1. Nf3 d5 2. d4 Nf6 3. c4 e6 4. Nc3 c5 5. Bg5 Be7 6. e3 cxd4 7. Nxd4 0-0 8. cxd5 exd5 9. Bd3 Nc6 10. Nxc6 bxc6 11. 0-0 h6 12. Bh4 Bg4 13. Be2 Bxe2 14. Nxe2 c5 15. Rc1 Qb6 16. b3 Rfd8 17. Rc2 g5 18. Bg3 Qe6 19. Qc1 Rac8 20. f4 Ng4 21. Rf3 d4 22. exd4 cxd4 23. Nxd4 Rxc2 24. Nxc2 Rc8 25. h3 Qe2 26. hxg4 Rxc2 27. Qf1 Rxa2 28. fxg5 Qxf1+ 29. Rxf1 hxg5 30. Rb1 Bc5+ 31. Kh2 a5 32. Be5 Re2 33. Bf6 Bd6+ 34. Kh1 Bf4 35. g3 Bd2 36. Rb2 Kh7 37. Kg1 Be3+ 38. Kf1 Rxb2 39. Bxb2 1/2-1/2

[Event "Bremen Silvester op"]
[Site "Bremen"]
[Date "2018.12.30"]
[Round "7"]
[White "Weinitschke, Harald"]
[Black "Spreer, Lutz"]
[Result "0-1"]
[WhiteElo "1576"]
[BlackElo "1664"]
[PlyCount "118"]
[EventDate "2018.12.27"]
[EventType "swiss"]
[EventRounds "7"]
[EventCountry "GER"]
[SourceTitle "CBM 188 Extra"]
[Source "ChessBase"]
[SourceDate "2019.02.26"]
[SourceVersion "1"]
[SourceVersionDate "2019.02.26"]
[SourceQuality "1"]

1. Nf3 Nc6 2. d4 d5 3. g3 Bf5 4. Bg2 e6 5. 0-0 Nf6 6. c4 Bd6 7. Bg5 h6 8. Bxf6 Qxf6 9. cxd5 exd5 10. Nc3 Ne7 11. Qb3 0-0-0 12. e3 g5 13. Nd2 c6 14. Rac1 Kb8 15. e4 dxe4 16. Ndxe4 Qxd4 17. Nxd6 Qxd6 18. Qxf7 Rdf8 19. Qb3 Qf6 20. Ne4 Qe6 21. Qxe6 Bxe6 22. Nc5 Bf5 23. Rcd1 Rd8 24. Rfe1 Nd5 25. Re5 Bc2 26. Rc1 Nb4 27. a3 Nd3 28. Nxd3 Bxd3 29. Rce1 Bb5 30. Bf1 Ba4 31. R5e4 Bb3 32. Bc4 Bc2 33. R4e2 Bf5 34. Kg2 g4 35. Be6 Bd3 36. Re3 h5 37. h4 Bc2 38. Bf7 Rh7 39. Re8 Kc7 40. R1e7+ Rd7 41. Rxd7+ Kxd7 42. Re2 Rxf7 43. Rxc2 Kd6 44. b4 Rf5 45. Rd2+ Kc7 46. Rd3 Kb6 47. a4 a5 48. Rd4 c5 49. bxc5+ Kxc5 50. Rf4 Rd5 51. f3 Rd2+ 52. Kg1 gxf3 53. Rxf3 Rd4 54. Rf5+ Rd5 55. Rf4 b5 56. axb5 Kxb5 57. g4 hxg4 58. Rxg4 a4 59. Rg5 Rxg5+ 0-1

[Event "Bremen-ch op"]
[Site "Bremen"]
[Date "2018.03.31"]
[Round "9"]
[White "Giss, Alexander"]
[Black "Weinitschke, Harald"]
[Result "1-0"]
[WhiteElo "1156"]
[BlackElo "1568"]
[PlyCount "59"]
[EventDate "2018.03.24"]
[EventType "swiss"]
[EventRounds "9"]
[EventCountry "GER"]
[SourceTitle "EXT 2019"]
[Source "ChessBase"]
[SourceDate "2018.10.10"]
[SourceVersion "1"]
[SourceVersionDate "2018.10.10"]
[SourceQuality "1"]

1. c4 g6 2. d4 Bg7 3. g3 e6 4. Bg2 Nf6 5. Nc3 d5 6. b3 0-0 7. Bg5 h6 8. Bxf6 Qxf6 9. cxd5 Qxd4 10. Qxd4 Bxd4 11. Rc1 exd5 12. Nxd5 c6 13. Nc7 Bf5 14. Nxa8 Na6 15. e4 Be6 16. Ne2 Bc5 17. Nc7 Bb4+ 18. Nc3 Nxc7 19. 0-0 Bxc3 20. Rxc3 Nb5 21. Rd3 f5 22. e5 Nc7 23. f4 Nd5 24. Rfd1 Rd8 25. b4 a6 26. a4 b5 27. axb5 axb5 28. Rc1 Rc8 29. Bxd5 Bxd5 30. Rxd5 1-0

[Event "Bremen-ch op"]
[Site "Bremen"]
[Date "2018.03.30"]
[Round "8"]
[White "Weinitschke, Harald"]
[Black "Kropp, Joachim"]
[Result "0-1"]
[WhiteElo "1568"]
[BlackElo "1859"]
[PlyCount "56"]
[EventDate "2018.03.24"]
[EventType "swiss"]
[EventRounds "9"]
[EventCountry "GER"]
[SourceTitle "EXT 2019"]
[Source "ChessBase"]
[SourceDate "2018.10.10"]
[SourceVersion "1"]
[SourceVersionDate "2018.10.10"]
[SourceQuality "1"]

1. Nf3 d5 2. d4 Nf6 3. g3 e6 4. Bg2 c5 5. 0-0 Be7 6. c4 0-0 7. Bf4 Nbd7 8. Nbd2 cxd4 9. Nxd4 e5 10. Bxe5 Nxe5 11. cxd5 Nxd5 12. Qb3 Nb6 13. e3 Bc5 14. N2f3 Nxf3+ 15. Nxf3 Be6 16. Qc2 Qe7 17. Rac1 Rac8 18. Qd2 Bb4 19. Qd4 Rfd8 20. Rxc8 Nxc8 21. Qe4 Bxa2 22. Qc2 Be6 23. Rc1 a5 24. Nd4 Nd6 25. Nxe6 Qxe6 26. Qc7 Rc8 27. Qxc8+ Nxc8 28. Bxb7 Nd6 0-1

[Event "Bremen-ch op"]
[Site "Bremen"]
[Date "2018.03.24"]
[Round "1"]
[White "Weinitschke, Harald"]
[Black "Veit, Ingo"]
[Result "0-1"]
[WhiteElo "1568"]
[BlackElo "1969"]
[PlyCount "44"]
[EventDate "2018.03.24"]
[EventType "swiss"]
[EventRounds "9"]
[EventCountry "GER"]
[SourceTitle "EXT 2019"]
[Source "ChessBase"]
[SourceDate "2018.10.10"]
[SourceVersion "1"]
[SourceVersionDate "2018.10.10"]
[SourceQuality "1"]

1. Nf3 g6 2. g3 f5 3. d4 Bg7 4. Bg2 Nf6 5. c4 d6 6. 0-0 0-0 7. Nc3 c6 8. Re1 Qc7 9. Bf4 Nh5 10. Qd2 e5 11. dxe5 dxe5 12. Bxe5 Bxe5 13. Nxe5 Qxe5 14. f4 Qc5+ 15. Kh1 Be6 16. b3 Nd7 17. e4 Rad8 18. Qc2 Ndf6 19. exf5 Bxf5 20. Be4 Nxe4 21. Nxe4 Qd4 22. Rad1 Bxe4+ 0-1

[Event "Bremen-ch op"]
[Site "Bremen"]
[Date "2016.03.20"]
[Round "2"]
[White "Zijlstra, Berend"]
[Black "Weinitschke, Harald"]
[Result "0-1"]
[WhiteElo "1300"]
[BlackElo "1687"]
[PlyCount "108"]
[EventDate "2016.03.19"]
[EventType "swiss"]
[EventRounds "9"]
[EventCountry "GER"]
[SourceTitle "EXT 2018"]
[Source "ChessBase"]
[SourceDate "2017.10.13"]
[SourceVersion "1"]
[SourceVersionDate "2017.10.13"]
[SourceQuality "1"]

1. e4 c5 2. d4 e6 3. Nf3 Nf6 4. Bg5 Be7 5. Nc3 cxd4 6. Qxd4 Nc6 7. Qd1 h6 8. Bh4 a6 9. a3 0-0 10. h3 d6 11. Bd3 Nh5 12. Bxe7 Qxe7 13. Ne2 Nf6 14. Ng3 b5 15. 0-0 d5 16. e5 Nd7 17. Re1 Nc5 18. Bf1 Rd8 19. Nd4 Nxd4 20. Qxd4 Bb7 21. f3 Rac8 22. b4 Na4 23. Bd3 Qc7 24. f4 Qb6 25. Ne2 Qxd4+ 26. Nxd4 Nb2 27. Bf1 Rc3 28. Rab1 Nc4 29. Rb3 Rxb3 30. Nxb3 Nxa3 31. Nc5 Bc8 32. Bd3 Nc4 33. Ra1 Nb2 34. Nxa6 Bxa6 35. Rxa6 Nxd3 36. cxd3 Rc8 37. Ra3 d4 38. Kf1 Rc2 39. Rb3 Kh7 40. h4 Kg6 41. g4 h5 42. f5+ exf5 43. gxf5+ Kxf5 44. Rb1 Rd2 45. Rc1 Rb2 46. Re1 Rxb4 47. Re4 g5 48. hxg5 Kxg5 49. Kg2 Kf5 50. Kh3 Rb3 51. Rxd4 Kxe5 52. Re4+ Kf5 53. Re3 Rb4 54. Rf3+ Rf4 0-1

[Event "Bremen-ch op"]
[Site "Bremen"]
[Date "2015.04.04"]
[Round "9"]
[White "Weinitschke, Harald"]
[Black "Boehm, Karl1111"]
[Result "0-1"]
[WhiteElo "1341"]
[BlackElo "1859"]
[PlyCount "96"]
[EventDate "2015.03.28"]
[EventType "swiss"]
[EventRounds "9"]
[EventCountry "GER"]
[SourceTitle "EXT 2018"]
[Source "ChessBase"]
[SourceDate "2017.10.13"]
[SourceVersion "1"]
[SourceVersionDate "2017.10.13"]
[SourceQuality "1"]

1. Nf3 d5 2. d4 e6 3. c4 Nf6 4. e3 Nbd7 5. b3 b6 6. cxd5 Nxd5 7. Bb5 a6 8. Bc6 Rb8 9. Bxd5 exd5 10. 0-0 Be7 11. Nc3 Nf6 12. Bb2 Bg4 13. h3 Bh5 14. Re1 Ne4 15. Rc1 0-0 16. g4 Bg6 17. Ne5 Rc8 18. Nc6 Qd7 19. Nxe7+ Qxe7 20. Nxd5 Qh4 21. Qf3 f5 22. Nf4 fxg4 23. Nxg6 Rxf3 24. Nxh4 Rxf2 25. Ba3 gxh3 26. Bd6 c6 27. Rf1 Rxa2 28. Rf3 Nxd6 29. Rxh3 g6 30. Nf3 c5 31. Ng5 Rc7 32. dxc5 Rxc5 33. Rxc5 bxc5 34. Rxh7 Ne4 35. Rc7 Nxg5 36. Rxc5 Nf3+ 37. Kf1 Nd2+ 38. Ke1 Nxb3 39. Rc7 a5 40. Rb7 a4 41. Ra7 a3 42. e4 Ra1+ 43. Ke2 a2 44. e5 Nc1+ 45. Kd2 Rb1 46. Ra8+ Kf7 47. Ra6 a1Q 48. e6+ Ke7 0-1

[Event "Bremen-ch op"]
[Site "Bremen"]
[Date "2015.03.31"]
[Round "5"]
[White "Weinitschke, Harald"]
[Black "Gerken, Juergen"]
[Result "0-1"]
[WhiteElo "1341"]
[BlackElo "1599"]
[PlyCount "88"]
[EventDate "2015.03.28"]
[EventType "swiss"]
[EventRounds "9"]
[EventCountry "GER"]
[SourceTitle "EXT 2018"]
[Source "ChessBase"]
[SourceDate "2017.10.13"]
[SourceVersion "1"]
[SourceVersionDate "2017.10.13"]
[SourceQuality "1"]

1. Nf3 d5 2. d4 Nf6 3. c4 c6 4. e3 Bf5 5. cxd5 cxd5 6. Bd3 Bxd3 7. Qxd3 Nc6 8. a3 e6 9. 0-0 Bd6 10. Nc3 a6 11. b4 b5 12. Bb2 0-0 13. Rac1 Qd7 14. Rc2 Rfe8 15. Rfc1 Rac8 16. e4 Bf4 17. Re1 dxe4 18. Nxe4 Nxe4 19. Rxe4 Bh6 20. Re1 Ne7 21. g4 Rxc2 22. Qxc2 Rc8 23. Qe4 g6 24. Rd1 Qd5 25. Qxd5 Nxd5 26. Ne5 Rc2 27. Nd3 Nb6 28. Bc1 Bxc1 29. Rxc1 Rxc1+ 30. Nxc1 Nc4 31. Nb3 Nxa3 32. Nc5 Nc2 33. Nxa6 Nxd4 34. Nc7 e5 35. Kf1 Kf8 36. Ke1 Ke7 37. Nd5+ Kd6 38. Nc3 Kc6 39. h3 Nc2+ 40. Kd2 Nxb4 41. Ke3 Nd5+ 42. Kd3 Nxc3 43. Kxc3 Kc5 44. f3 g5 0-1

[Event "Bremen-ch op"]
[Site "Bremen"]
[Date "2015.03.30"]
[Round "4"]
[White "Buchloh, Falk"]
[Black "Weinitschke, Harald"]
[Result "1/2-1/2"]
[WhiteElo "1497"]
[BlackElo "1341"]
[PlyCount "117"]
[EventDate "2015.03.28"]
[EventType "swiss"]
[EventRounds "9"]
[EventCountry "GER"]
[SourceTitle "EXT 2018"]
[Source "ChessBase"]
[SourceDate "2017.10.13"]
[SourceVersion "1"]
[SourceVersionDate "2017.10.13"]
[SourceQuality "1"]

1. d4 d5 2. c4 e6 3. Nc3 Nf6 4. Bg5 Be7 5. e3 0-0 6. Bd3 a6 7. Qc2 Nbd7 8. Nf3 h6 9. Bh4 dxc4 10. Bxc4 b5 11. Bd3 Bb7 12. e4 c5 13. 0-0 Rc8 14. Qe2 cxd4 15. Nxd4 Ne5 16. Rfd1 Qxd4 17. Bxb5 Qb6 18. Ba4 Rfd8 19. Kh1 Nc4 20. Bb3 Nd6 21. e5 Nd5 22. Bxe7 Nxe7 23. exd6 Rxd6 24. Rxd6 Qxd6 25. Rd1 Qc6 26. f3 Nf5 27. Bc2 Nh4 28. Qd2 Kf8 29. Qf4 Nxf3 30. Be4 Qc7 31. Qxc7 Rxc7 32. Bxf3 Bxf3 33. gxf3 Ke7 34. Kg2 f5 35. Kf2 g5 36. h3 Rc4 37. Rd2 h5 38. Ne2 g4 39. hxg4 fxg4 40. fxg4 Rxg4 41. Rd4 Rg6 42. Rh4 Rf6+ 43. Ke3 Rf5 44. Nf4 Ra5 45. a3 Re5+ 46. Kf3 Rb5 47. Rh2 Kf6 48. Nxh5+ Kg5 49. Ng3 Rb3+ 50. Kg2 Rxb2+ 51. Kh3 Rb3 52. a4 Kf4 53. Rg2 Ra3 54. Kh2 Rxa4 55. Ne2+ Kf3 56. Ng1+ Kf4 57. Nh3+ Kf5 58. Rf2+ Kg4 59. Rg2+ 1/2-1/2